[Event "NED-ch 1996"]
[Site "Amsterdam"]
[Date "1996.??.??"]
[Round "1"]
[White "Hendriks, Willy"]
[Black "Kuijf, Rini"]
[Result "1/2-1/2"]
[WhiteElo "2425"]
[BlackElo "2470"]
[PlyCount "36"]
[EventDate "1996.06.??"]
[Source "ChessBase"]
[SourceDate "2004.01.01"]

1. e4 e6 2. d4 d5 3. e5 c5 4. c3 Nc6 5. Nf3 Bd7 6. Be2 Nh6 7. O-O cxd4 8. cxd4
Nf5 9. Nc3 Rc8 10. Be3 Be7 11. Bd3 Nxe3 12. fxe3 O-O 13. Rc1 f5 14. exf6 Bxf6
15. Qc2 h6 16. Qe2 Qe7 17. Bb1 g5 18. Rcd1 Qg7 1/2-1/2

[Event "NED-ch 1996"]
[Site "Amsterdam"]
[Date "1996.??.??"]
[Round "1"]
[White "Piket, Jeroen"]
[Black "Sosonko, Gennadi"]
[Result "1/2-1/2"]
[WhiteElo "2570"]
[BlackElo "2515"]
[PlyCount "87"]
[EventDate "1996.06.??"]
[Source "ChessBase"]
[SourceDate "2004.01.01"]

1. d4 Nf6 2. c4 e6 3. Nf3 d5 4. Nc3 Bb4 5. Bg5 Nbd7 6. Rc1 dxc4 7. Qa4 c5 8.
dxc5 Qa5 9. Qxa5 Bxa5 10. Nd2 Nxc5 11. Bxf6 gxf6 12. Nxc4 Bxc3+ 13. Rxc3 Ke7
14. g3 Bd7 15. Bg2 Rac8 16. Ne3 b6 17. Kd2 Na4 18. Rxc8 Rxc8 19. b3 Nc5 20. Rc1
Bc6 21. Bxc6 Rxc6 22. f3 Rd6+ 23. Ke1 Rd4 24. Rc3 Kf8 25. Nc2 Rd5 26. b4 Na4
27. Rc7 a5 28. Ne3 Rb5 29. bxa5 Rxa5 30. Nc4 Rd5 31. a3 Rd4 32. h4 Kg7 33. Nd2
Nc5 34. Rc6 Ra4 35. Nb1 Nd7 36. Rd6 Ra7 37. Kf2 Kf8 38. Rc6 Ra5 39. Rc8+ Kg7
40. g4 Ne5 41. Kg3 Ra4 42. h5 h6 43. Rc7 f5 44. gxf5 1/2-1/2

[Event "NED-ch 1996"]
[Site "Amsterdam"]
[Date "1996.??.??"]
[Round "1"]
[White "Reinderman, Dimitri"]
[Black "Bosch, Jeroen"]
[Result "1-0"]
[WhiteElo "2495"]
[BlackElo "2440"]
[PlyCount "61"]
[EventDate "1996.06.??"]
[Source "ChessBase"]
[SourceDate "2004.01.01"]

1. e4 Nf6 2. e5 Nd5 3. d4 d6 4. Nf3 Bg4 5. Be2 e6 6. O-O Be7 7. c4 Nb6 8. Nc3
O-O 9. Be3 a5 10. b3 d5 11. c5 N6d7 12. h3 Bh5 13. g4 Bg6 14. Ne1 b6 15. cxb6
Nxb6 16. Nd3 N8d7 17. f4 Bxd3 18. Bxd3 c5 19. Qc2 g6 20. Qf2 Rc8 21. Nb5 cxd4
22. Bxd4 Nc5 23. Bc2 Qd7 24. a4 Na8 25. f5 Na6 26. f6 Bc5 27. Bxc5 Rxc5 28. Bd3
d4 29. Qf4 Kh8 30. Nd6 N6c7 31. Ne4 1-0

[Event "NED-ch 1996"]
[Site "Amsterdam"]
[Date "1996.??.??"]
[Round "1"]
[White "Sokolov, Ivan"]
[Black "Van der Wiel, John"]
[Result "0-1"]
[WhiteElo "2665"]
[BlackElo "2535"]
[PlyCount "52"]
[EventDate "1996.06.??"]
[Source "ChessBase"]
[SourceDate "2004.01.01"]

1. d4 Nf6 2. c4 e6 3. Nc3 Bb4 4. e3 c5 5. Nge2 cxd4 6. exd4 d5 7. c5 Ne4 8. Bd2
Nxd2 9. Qxd2 Qf6 10. a3 Ba5 11. b4 Bd8 12. Ng1 O-O 13. Nf3 b6 14. Be2 bxc5 15.
dxc5 Nc6 16. O-O Bc7 17. b5 Ne5 18. Nd4 Nd7 19. Na4 Bf4 20. Qb4 e5 21. Nb3 Qg6
22. g3 Nf6 23. b6 Bh3 24. b7 Rab8 25. c6 h5 26. c7 Rxb7 0-1

[Event "NED-ch 1996"]
[Site "Amsterdam"]
[Date "1996.??.??"]
[Round "1"]
[White "Van der Sterren, Paul"]
[Black "Cifuentes Parada, Roberto"]
[Result "1-0"]
[WhiteElo "2535"]
[BlackElo "2490"]
[PlyCount "73"]
[EventDate "1996.06.??"]
[Source "ChessBase"]
[SourceDate "2004.01.01"]

1. d4 Nf6 2. c4 e6 3. Nc3 Bb4 4. e3 O-O 5. Bd3 d5 6. Nf3 c5 7. O-O Nc6 8. a3
Bxc3 9. bxc3 Qc7 10. cxd5 exd5 11. a4 Re8 12. Ba3 c4 13. Bc2 Ne4 14. Bxe4 Rxe4
15. Nd2 Re8 16. e4 Be6 17. e5 Qa5 18. Qc2 g6 19. Nf3 Bf5 20. Qd2 Nd8 21. Bb4
Qc7 22. h3 Ne6 23. Ne1 h5 24. Qh6 Bd3 25. Nxd3 cxd3 26. Qd2 a5 27. Bd6 Qc4 28.
f4 Rac8 29. f5 gxf5 30. Rxf5 Ng7 31. Rg5 Re6 32. Rf1 Qxa4 33. Rf6 Rxd6 34. exd6
Qc2 35. Rxg7+ Kxg7 36. Qg5+ Kf8 37. Rh6 1-0

[Event "NED-ch 1996"]
[Site "Amsterdam"]
[Date "1996.??.??"]
[Round "2"]
[White "Bosch, Jeroen"]
[Black "Van der Sterren, Paul"]
[Result "1/2-1/2"]
[WhiteElo "2440"]
[BlackElo "2535"]
[PlyCount "81"]
[EventDate "1996.06.??"]
[Source "ChessBase"]
[SourceDate "2004.01.01"]

1. e4 e5 2. Nf3 Nc6 3. Bb5 a6 4. Ba4 Nf6 5. O-O Be7 6. Re1 b5 7. Bb3 d6 8. c3
O-O 9. d4 Bg4 10. d5 Na5 11. Bc2 Qc8 12. h3 Bd7 13. Nbd2 c6 14. b4 Nc4 15. Nxc4
bxc4 16. dxc6 Qxc6 17. a4 h6 18. Ba3 Rfe8 19. Qe2 Qc7 20. Rad1 Bf8 21. Nh2 Be6
22. Ng4 Nxg4 23. hxg4 Be7 24. Bc1 Qd7 25. f3 Bh4 26. Rf1 Bg3 27. Be3 Red8 28.
Bf2 Bxf2+ 29. Qxf2 Qa7 30. Rd2 Kf8 31. Rfd1 Ke7 32. Qxa7+ Rxa7 33. Kf2 a5 34.
b5 Rb7 35. Ke3 Rb6 36. Rh1 f6 37. Rhd1 Rc8 38. Bb1 Rc5 39. Bc2 Rc8 40. Bb1 Rc5
41. Bc2 1/2-1/2

[Event "NED-ch 1996"]
[Site "Amsterdam"]
[Date "1996.??.??"]
[Round "2"]
[White "Kuijf, Rini"]
[Black "Piket, Jeroen"]
[Result "0-1"]
[WhiteElo "2470"]
[BlackElo "2570"]
[PlyCount "82"]
[EventDate "1996.06.??"]
[Source "ChessBase"]
[SourceDate "2004.01.01"]

1. e4 e5 2. Nc3 Nc6 3. g3 Bc5 4. Bg2 d6 5. Na4 Nge7 6. Ne2 a5 7. Nxc5 dxc5 8.
d3 Be6 9. Be3 b6 10. f4 f6 11. fxe5 fxe5 12. O-O Qd7 13. Nc3 O-O-O 14. Qh5 Kb7
15. Bg5 h6 16. Bxe7 Qxe7 17. Nd5 Qe8 18. Qxe8 Rhxe8 19. Ne3 a4 20. a3 b5 21.
Rf2 Rf8 22. Rxf8 Rxf8 23. c3 Rd8 24. Bf1 Ne7 25. Be2 c6 26. Rf1 Kc7 27. Rf2 Kd6
28. h4 Rb8 29. Bd1 Rd8 30. Kf1 Ng8 31. Bg4 Nf6 32. Bxe6 Kxe6 33. Ke2 c4 34.
dxc4 Nxe4 35. Rg2 Rd2+ 36. Kf3 Rxg2 37. Kxg2 Nd2 38. cxb5 cxb5 39. g4 Nc4 40.
Nxc4 bxc4 41. Kf3 h5 0-1

[Event "NED-ch 1996"]
[Site "Amsterdam"]
[Date "1996.??.??"]
[Round "2"]
[White "Nijboer, Friso"]
[Black "Reinderman, Dimitri"]
[Result "1-0"]
[WhiteElo "2475"]
[BlackElo "2495"]
[PlyCount "91"]
[EventDate "1996.06.??"]
[Source "ChessBase"]
[SourceDate "2004.01.01"]

1. e4 c5 2. Nf3 Nc6 3. d4 cxd4 4. Nxd4 Nf6 5. Nc3 e5 6. Ndb5 d6 7. Bg5 a6 8.
Na3 b5 9. Bxf6 gxf6 10. Nd5 f5 11. Bd3 Be6 12. O-O Bxd5 13. exd5 Ne7 14. c3 Qd7
15. Qh5 Rc8 16. Rad1 Rc5 17. g3 Bg7 18. Bb1 O-O 19. Nc2 Rxd5 20. Rxd5 Nxd5 21.
Ne3 Nf6 22. Qg5 h6 23. Qxf5 Qxf5 24. Nxf5 Rd8 25. a3 Bf8 26. f4 e4 27. Kf2 d5
28. Ke2 h5 29. Rd1 Bc5 30. Ba2 Kf8 31. h3 Ke8 32. g4 hxg4 33. hxg4 Bb6 34. Rh1
Nxg4 35. Rh4 Nf2 36. Rh6 Bc5 37. b4 Bf8 38. Rxa6 Nh3 39. Ke3 Rc8 40. Bxd5 Rxc3+
41. Kxe4 Nf2+ 42. Ke5 Rd3 43. Bc6+ Kd8 44. Kf6 Bd6 45. Bxb5 Ne4+ 46. Kxf7 1-0

[Event "NED-ch 1996"]
[Site "Amsterdam"]
[Date "1996.??.??"]
[Round "2"]
[White "Van der Wiel, John"]
[Black "Hendriks, Willy"]
[Result "1-0"]
[WhiteElo "2535"]
[BlackElo "2425"]
[PlyCount "73"]
[EventDate "1996.06.??"]
[Source "ChessBase"]
[SourceDate "2004.01.01"]

1. e4 c5 2. Nf3 Nc6 3. d4 cxd4 4. Nxd4 e5 5. Nb5 d6 6. N1c3 a6 7. Na3 b5 8. Nd5
Nge7 9. Bg5 h6 10. Qh5 Be6 11. O-O-O Bxd5 12. exd5 Na5 13. Qh4 Qc7 14. Bd2 Rc8
15. Kb1 Nb7 16. c4 bxc4 17. Qxc4 Qxc4 18. Bxc4 Ra8 19. Rc1 Nc5 20. b4 Ne4 21.
Be3 f5 22. f3 Nf6 23. Rhd1 f4 24. Bf2 Nf5 25. Bd3 g6 26. Rc6 Rh7 27. Bxa6 e4
28. Nc4 e3 29. Be1 Nd7 30. Bb5 Kd8 31. g4 fxg3 32. hxg3 Rb8 33. a4 Ne5 34. Nxe5
dxe5 35. Rxg6 Nd4 36. d6 Nxf3 37. Rf6 1-0

[Event "NED-ch 1996"]
[Site "Amsterdam"]
[Date "1996.??.??"]
[Round "3"]
[White "Piket, Jeroen"]
[Black "Van der Wiel, John"]
[Result "1/2-1/2"]
[WhiteElo "2570"]
[BlackElo "2535"]
[PlyCount "39"]
[EventDate "1996.06.??"]
[Source "ChessBase"]
[SourceDate "2004.01.01"]

1. d4 Nf6 2. c4 e6 3. Nf3 b6 4. a3 Bb7 5. Nc3 d5 6. Qc2 Be7 7. cxd5 Nxd5 8. e4
Nxc3 9. bxc3 O-O 10. Bd3 c5 11. O-O Qc8 12. Qe2 Ba6 13. Bf4 Bxd3 14. Qxd3 Rd8
15. d5 c4 16. Qe2 exd5 17. exd5 Bf6 18. d6 Qf5 19. Bg3 Nd7 20. Qxc4 1/2-1/2

[Event "NED-ch 1996"]
[Site "Amsterdam"]
[Date "1996.??.??"]
[Round "3"]
[White "Sokolov, Ivan"]
[Black "Bosch, Jeroen"]
[Result "1-0"]
[WhiteElo "2665"]
[BlackElo "2440"]
[PlyCount "127"]
[EventDate "1996.06.??"]
[Source "ChessBase"]
[SourceDate "2004.01.01"]

1. d4 Nf6 2. c4 e6 3. Nc3 Bb4 4. e3 O-O 5. Bd3 d5 6. cxd5 exd5 7. Nge2 Re8 8.
O-O Bf8 9. Nf4 c6 10. a3 Nbd7 11. f3 Nb6 12. g4 g6 13. Rf2 c5 14. g5 Nfd7 15.
h4 cxd4 16. exd4 Bg7 17. Nfe2 Nb8 18. Bf4 a6 19. b3 Nc6 20. Bc2 Be6 21. Qd2 Qd7
22. Nd1 Nc8 23. Ne3 Nd6 24. Bxd6 Qxd6 25. f4 Ne7 26. Kg2 Qd7 27. Rh1 Nf5 28.
Bxf5 Bxf5 29. Nxf5 Qxf5 30. Ng3 Qg4 31. Qd1 Qxd1 32. Rxd1 Rac8 33. Rd3 f5 34.
Re2 Bf8 35. Rxe8 Rxe8 36. b4 Rc8 37. Kf3 Kf7 38. h5 Bd6 39. h6 Ke6 40. Ne2 Rc2
41. Nc3 Rh2 42. Re3+ Kf7 43. Nxd5 Rd2 44. Nf6 Rxd4 45. Nxh7 Rxf4+ 46. Ke2 Rg4
47. Rd3 Ke6 48. Rh3 Be5 49. Re3 Re4 50. Nf8+ Kf7 51. Rxe4 fxe4 52. Nd7 Bf4 53.
Nc5 Bxg5 54. h7 Bf6 55. Nxb7 Kg7 56. Nc5 Kxh7 57. Nxa6 Kg7 58. Ke3 Kf7 59. Kxe4
Ke6 60. Nc7+ Kd7 61. Nd5 Bd8 62. a4 Kd6 63. a5 Kc6 64. a6 1-0

[Event "NED-ch 1996"]
[Site "Amsterdam"]
[Date "1996.??.??"]
[Round "4"]
[White "Bosch, Jeroen"]
[Black "Hendriks, Willy"]
[Result "1/2-1/2"]
[WhiteElo "2440"]
[BlackElo "2425"]
[PlyCount "70"]
[EventDate "1996.06.??"]
[Source "ChessBase"]
[SourceDate "2004.01.01"]

1. e4 c5 2. Nf3 Nc6 3. d4 cxd4 4. Nxd4 e5 5. Nf3 Nf6 6. Nc3 Bb4 7. Bc4 O-O 8.
O-O d6 9. Nd5 h6 10. Nxb4 Nxb4 11. c3 Nc6 12. Re1 Qc7 13. Bd3 Be6 14. c4 Nd7
15. b3 Nc5 16. Bb2 a5 17. Nh4 a4 18. Nf5 axb3 19. axb3 Rxa1 20. Bxa1 Qa5 21.
Bc2 Bxf5 22. exf5 Nd4 23. Rf1 Nxc2 24. Qxc2 Ra8 25. Bc3 Qa2 26. Qxa2 Rxa2 27.
Rb1 Ra3 28. Bb4 Rxb3 29. Rxb3 Nxb3 30. Bxd6 Nd2 31. Bxe5 Nxc4 32. Bc3 g6 33.
fxg6 fxg6 34. f4 Kf7 35. Kf2 Ke6 1/2-1/2

[Event "NED-ch 1996"]
[Site "Amsterdam"]
[Date "1996.??.??"]
[Round "4"]
[White "Cifuentes Parada, Roberto"]
[Black "Piket, Jeroen"]
[Result "1/2-1/2"]
[WhiteElo "2490"]
[BlackElo "2570"]
[PlyCount "66"]
[EventDate "1996.06.??"]
[Source "ChessBase"]
[SourceDate "2004.01.01"]

1. d4 Nf6 2. c4 e6 3. Nc3 Bb4 4. e3 O-O 5. Bd3 d5 6. Nf3 b6 7. a3 Bxc3+ 8. bxc3
Bb7 9. O-O dxc4 10. Bxc4 c5 11. Qe2 Nbd7 12. Bd3 Bxf3 13. Qxf3 e5 14. Bb2 Qe7
15. Qh3 Rad8 16. Bf5 Rfe8 17. Rfd1 Nf8 18. Qg3 Ng6 19. Bxg6 hxg6 20. Qxe5 Qxe5
21. dxe5 Ne4 22. Kf1 Nd2+ 23. Ke2 Nc4 24. Rxd8 Rxd8 25. Bc1 Nxe5 26. e4 Nc4 27.
f3 f6 28. h4 Kf7 29. a4 Ke6 30. Bf4 Rh8 31. Bg3 Rd8 32. Bf4 Rh8 33. Bg3 Rd8
1/2-1/2

[Event "NED-ch 1996"]
[Site "Amsterdam"]
[Date "1996.??.??"]
[Round "4"]
[White "Reinderman, Dimitri"]
[Black "Van der Sterren, Paul"]
[Result "1/2-1/2"]
[WhiteElo "2495"]
[BlackElo "2535"]
[PlyCount "41"]
[EventDate "1996.06.??"]
[Source "ChessBase"]
[SourceDate "2004.01.01"]

1. e4 e5 2. Nf3 Nc6 3. d4 exd4 4. Bc4 Nf6 5. e5 Ne4 6. O-O Be7 7. Re1 d5 8.
exd6 Nxd6 9. Bd5 O-O 10. Bxc6 bxc6 11. Nxd4 Qd7 12. Nd2 Bf6 13. N2b3 Nc4 14. c3
Qd5 15. Qf3 Qxf3 16. Nxf3 Bg4 17. Nbd2 Nd6 18. Ne4 Nxe4 19. Rxe4 Bxf3 20. gxf3
Rab8 21. Rc4 1/2-1/2

[Event "NED-ch 1996"]
[Site "Amsterdam"]
[Date "1996.??.??"]
[Round "4"]
[White "Timman, Jan"]
[Black "Kuijf, Rini"]
[Result "1-0"]
[WhiteElo "2620"]
[BlackElo "2470"]
[PlyCount "119"]
[EventDate "1996.06.??"]
[Source "ChessBase"]
[SourceDate "2004.01.01"]

1. d4 d5 2. c4 c6 3. Nf3 e6 4. g3 dxc4 5. Bg2 Nd7 6. a4 Ngf6 7. O-O a5 8. Qc2
Nb6 9. Nbd2 Be7 10. Nxc4 Nxc4 11. Qxc4 Qb6 12. Ne5 O-O 13. e4 Qb4 14. Be3 Nd7
15. Qxb4 Bxb4 16. Nd3 Be7 17. Rfd1 Rd8 18. Rac1 Nf6 19. h3 h6 20. g4 g5 21. f4
gxf4 22. Nxf4 Bd7 23. b3 Be8 24. Ne2 h5 25. g5 Nh7 26. h4 f6 27. Nf4 Nf8 28.
Bh3 fxg5 29. Nxe6 Nxe6 30. Bxe6+ Bf7 31. Bxf7+ Kxf7 32. hxg5 Kg6 33. Kf2 h4 34.
Rh1 Rh8 35. Rcg1 Raf8+ 36. Ke2 Rh5 37. Rh3 Rfh8 38. Rg4 Bxg5 39. Kd3 Rf8 40.
Bxg5 Rxg5 41. Rgxh4 Rg1 42. Rh6+ Kg5 43. R6h5+ Kg4 44. R3h4+ Kf3 45. Rh1 Rg3
46. R1h3 Rxh3 47. Rxh3+ Kg4 48. Rh7 Rf3+ 49. Kc4 b5+ 50. axb5 cxb5+ 51. Kxb5
Rxb3+ 52. Kxa5 Kf4 53. e5 Ke4 54. Rd7 Kf5 55. Rd6 Rb1 56. Rb6 Rd1 57. Rf6+ Ke4
58. Rd6 Rb1 59. e6 Kd3 60. e7 1-0

[Event "NED-ch 1996"]
[Site "Amsterdam"]
[Date "1996.??.??"]
[Round "4"]
[White "Van der Wiel, John"]
[Black "Sosonko, Gennadi"]
[Result "1/2-1/2"]
[WhiteElo "2535"]
[BlackElo "2515"]
[PlyCount "42"]
[EventDate "1996.06.??"]
[Source "ChessBase"]
[SourceDate "2004.01.01"]

1. e4 c5 2. Nf3 d6 3. d4 cxd4 4. Nxd4 Nf6 5. Nc3 Nc6 6. Bg5 e6 7. Qd2 Be7 8.
O-O-O Nxd4 9. Qxd4 O-O 10. f4 h6 11. Bh4 Qa5 12. Qd3 Rd8 13. g4 Bd7 14. Rg1 g5
15. fxg5 hxg5 16. Be1 Qc5 17. Rg2 Bc6 18. Bf2 Qe5 19. Bg3 Qc5 20. Bf2 Qe5 21.
Bg3 Qc5 1/2-1/2

[Event "NED-ch 1996"]
[Site "Amsterdam"]
[Date "1996.??.??"]
[Round "5"]
[White "Kuijf, Rini"]
[Black "Van der Wiel, John"]
[Result "1/2-1/2"]
[WhiteElo "2470"]
[BlackElo "2535"]
[PlyCount "46"]
[EventDate "1996.06.??"]
[Source "ChessBase"]
[SourceDate "2004.01.01"]

1. e4 c5 2. c3 e6 3. d4 d5 4. exd5 exd5 5. Be3 c4 6. b3 cxb3 7. axb3 Bd6 8. Bd3
Ne7 9. Qh5 Nd7 10. Bg5 g6 11. Qf3 O-O 12. Ne2 f6 13. Bh6 Rf7 14. O-O Nb6 15. c4
dxc4 16. bxc4 Bf5 17. Nd2 Bxd3 18. Qxd3 Nf5 19. Be3 Rc8 20. Rxa7 Bb4 21. c5
Bxc5 22. Qb3 Nxe3 23. fxe3 Nc4 1/2-1/2

[Event "NED-ch 1996"]
[Site "Amsterdam"]
[Date "1996.??.??"]
[Round "5"]
[White "Piket, Jeroen"]
[Black "Bosch, Jeroen"]
[Result "1/2-1/2"]
[WhiteElo "2570"]
[BlackElo "2440"]
[PlyCount "139"]
[EventDate "1996.06.??"]
[Source "ChessBase"]
[SourceDate "2004.01.01"]

1. d4 Nf6 2. Nf3 e6 3. c4 Bb4+ 4. Nbd2 d5 5. Qa4+ Nc6 6. a3 Bxd2+ 7. Bxd2 Ne4
8. Rd1 O-O 9. g3 Bd7 10. Qc2 a5 11. Bg2 f5 12. O-O Be8 13. Be3 a4 14. Ne5 Ra6
15. f3 Nd6 16. Bf2 Bf7 17. Nxf7 Rxf7 18. c5 Nc4 19. e4 b5 20. Rfe1 Ra8 21. exd5
exd5 22. f4 Qd7 23. Re2 Kf8 24. Rde1 Re7 25. Rxe7 Nxe7 26. g4 Re8 27. c6 Nxc6
28. Rxe8+ Kxe8 29. gxf5 Kf7 30. Bh3 Qe7 31. Qd1 Qe4 32. Qh5+ Kf8 33. f6 gxf6
34. Bf5 Qe7 35. Bxh7 Qg7+ 36. Kh1 Ne7 37. Bd3 c6 38. Qe2 Nc8 39. Be1 Kf7 40.
Qh5+ Ke7 41. Bb4+ N8d6 42. Bxc4 bxc4 43. Qf5 Qg8 44. Bxd6+ Kxd6 45. Qxf6+ Kc7
46. Qe7+ Kc8 47. f5 Qg4 48. f6 Qf3+ 49. Kg1 Qg4+ 50. Kf2 Qf4+ 51. Ke2 Qg4+ 52.
Ke3 Qg5+ 53. Kf3 Qf5+ 54. Kg3 Qg5+ 55. Kh3 Qh5+ 56. Kg3 Qg5+ 57. Kh3 Qh5+ 58.
Kg2 Qg4+ 59. Kf2 Qf4+ 60. Ke1 Qh4+ 61. Ke2 Qg4+ 62. Kd2 Qxd4+ 63. Kc1 Qf4+ 64.
Kc2 Qf5+ 65. Kc3 Qd3+ 66. Kb4 Qd4 67. Ka5 Qxb2 68. Qf8+ Kc7 69. Qe7+ Kc8 70.
Qf8+ 1/2-1/2

[Event "NED-ch 1996"]
[Site "Amsterdam"]
[Date "1996.??.??"]
[Round "5"]
[White "Sokolov, Ivan"]
[Black "Reinderman, Dimitri"]
[Result "1-0"]
[WhiteElo "2665"]
[BlackElo "2495"]
[PlyCount "65"]
[EventDate "1996.06.??"]
[Source "ChessBase"]
[SourceDate "2004.01.01"]

1. d4 Nf6 2. c4 g6 3. Nc3 Bg7 4. e4 d6 5. Nf3 O-O 6. Be2 e5 7. O-O Nc6 8. d5
Ne7 9. b4 a5 10. Ba3 axb4 11. Bxb4 b6 12. a4 Ne8 13. Qb3 Rb8 14. Nb5 f5 15. Nd2
Bh6 16. a5 bxa5 17. Bxa5 Bxd2 18. Bxd2 fxe4 19. c5 Nf5 20. Qc4 Kh8 21. Ra7 c6
22. Nxd6 Nexd6 23. cxd6 Qxd6 24. Qxc6 Qxc6 25. dxc6 Rb2 26. Rd1 Rd8 27. Bc3
Rxd1+ 28. Bxd1 Rb5 29. f4 Nd4 30. Ra8 Rb1 31. Rxc8+ Kg7 32. Kf2 Rxd1 33. c7 1-0

[Event "NED-ch 1996"]
[Site "Amsterdam"]
[Date "1996.??.??"]
[Round "5"]
[White "Sosonko, Gennadi"]
[Black "Cifuentes Parada, Roberto"]
[Result "1/2-1/2"]
[WhiteElo "2515"]
[BlackElo "2490"]
[PlyCount "41"]
[EventDate "1996.06.??"]
[Source "ChessBase"]
[SourceDate "2004.01.01"]

1. d4 d5 2. Nf3 Nf6 3. c4 e6 4. g3 c6 5. Bg2 Be7 6. O-O O-O 7. Nc3 Nbd7 8. b3
b6 9. Bb2 Bb7 10. Qc2 Qc7 11. Rad1 b5 12. c5 b4 13. Nb1 Ne4 14. Ne1 f5 15. Nd3
a5 16. f3 Ng5 17. Bc1 Bf6 18. Nf2 Ba6 19. Rfe1 Rae8 20. Bf4 Qa7 21. Bd6 1/2-1/2

[Event "NED-ch 1996"]
[Site "Amsterdam"]
[Date "1996.??.??"]
[Round "6"]
[White "Bosch, Jeroen"]
[Black "Sosonko, Gennadi"]
[Result "1/2-1/2"]
[WhiteElo "2440"]
[BlackElo "2515"]
[PlyCount "42"]
[EventDate "1996.06.??"]
[Source "ChessBase"]
[SourceDate "2004.01.01"]

1. e4 c5 2. Nf3 d6 3. d4 cxd4 4. Nxd4 Nf6 5. Nc3 Nc6 6. Bc4 e6 7. Be3 Be7 8.
Qe2 O-O 9. O-O-O Qa5 10. Bb3 Nxd4 11. Bxd4 Bd7 12. Rhg1 Bc6 13. g4 Nd7 14. Kb1
Rfe8 15. g5 b5 16. g6 hxg6 17. Rxg6 Bf6 18. Rg3 b4 19. Bxf6 Nxf6 20. Rxd6 bxc3
21. Rxc6 cxb2 1/2-1/2

[Event "NED-ch 1996"]
[Site "Amsterdam"]
[Date "1996.??.??"]
[Round "6"]
[White "Cifuentes Parada, Roberto"]
[Black "Kuijf, Rini"]
[Result "1/2-1/2"]
[WhiteElo "2490"]
[BlackElo "2470"]
[PlyCount "125"]
[EventDate "1996.06.??"]
[Source "ChessBase"]
[SourceDate "2004.01.01"]

1. d4 d5 2. c4 c6 3. e3 Bf5 4. cxd5 cxd5 5. Qb3 Qc7 6. Bd2 e6 7. Nf3 Nc6 8. Be2
Nf6 9. O-O Ne4 10. Rc1 Bd6 11. Qd1 a6 12. Be1 O-O 13. Nc3 Bg4 14. h3 Bxf3 15.
gxf3 Nxc3 16. Rxc3 Qe7 17. f4 Kh8 18. Bd3 Bb4 19. Rb3 Bxe1 20. Qxe1 f6 21. Bf1
e5 22. dxe5 fxe5 23. Bg2 exf4 24. exf4 Qf7 25. Qd2 Rad8 26. Re1 h6 27. Rd3 d4
28. Bxc6 bxc6 29. Rxd4 Rxd4 30. Qxd4 Qxa2 31. Re7 Qb1+ 32. Kh2 Qg6 33. b4 Kh7
34. Qe5 Qf6 35. Qxf6 Rxf6 36. Kg3 Rf5 37. Ra7 c5 38. bxc5 Rxc5 39. Rxa6 h5 40.
Re6 Rc3+ 41. Re3 Rc4 42. Re5 Kg6 43. f3 Ra4 44. Rg5+ Kh6 45. Rf5 Kg6 46. Rf8
Ra5 47. Re8 Ra4 48. Re5 Rb4 49. Rg5+ Kh6 50. h4 Rb1 51. Re5 Kg6 52. Re8 Rg1+
53. Kh2 Ra1 54. Re5 Ra6 55. Rg5+ Kh6 56. Kg3 Ra1 57. Re5 Kg6 58. f5+ Kf6 59.
Kf4 Ra4+ 60. Re4 Ra6 61. Re6+ Rxe6 62. fxe6 g6 63. e7 1/2-1/2

[Event "NED-ch 1996"]
[Site "Amsterdam"]
[Date "1996.??.??"]
[Round "6"]
[White "Reinderman, Dimitri"]
[Black "Hendriks, Willy"]
[Result "1-0"]
[WhiteElo "2495"]
[BlackElo "2425"]
[PlyCount "81"]
[EventDate "1996.06.??"]
[Source "ChessBase"]
[SourceDate "2004.01.01"]

1. f4 g6 2. Nf3 Bg7 3. e4 c5 4. d3 d5 5. e5 Nc6 6. c3 Bg4 7. h3 Bxf3 8. Qxf3 f6
9. exf6 Nxf6 10. g4 e5 11. Bg2 O-O 12. O-O Kh8 13. Qg3 Ne8 14. Na3 Nc7 15. Bd2
Qd6 16. Rae1 Rae8 17. Re2 a6 18. Ref2 Ne6 19. f5 gxf5 20. Rxf5 Ne7 21. Rxf8+
Rxf8 22. Rxf8+ Nxf8 23. Qf3 Kg8 24. Nc2 Nfg6 25. Qf2 b5 26. Ne1 a5 27. Nf3 b4
28. Qe1 Bf6 29. h4 Nf4 30. Bxf4 exf4 31. g5 Bg7 32. Bh3 a4 33. cxb4 cxb4 34. d4
Kf7 35. Qd2 Nc6 36. Qd3 Nxd4 37. Nxd4 Qc5 38. Kg2 Qxd4 39. Qf5+ Ke7 40. Qe6+
Kf8 41. Qd6+ 1-0

[Event "NED-ch 1996"]
[Site "Amsterdam"]
[Date "1996.??.??"]
[Round "6"]
[White "Timman, Jan"]
[Black "Van der Wiel, John"]
[Result "1-0"]
[WhiteElo "2620"]
[BlackElo "2535"]
[PlyCount "95"]
[EventDate "1996.06.??"]
[Source "ChessBase"]
[SourceDate "2004.01.01"]

1. e4 c5 2. Nf3 Nc6 3. Bb5 g6 4. O-O Bg7 5. Re1 Nf6 6. e5 Nd5 7. Nc3 Nc7 8.
Bxc6 dxc6 9. Ne4 b6 10. Nf6+ Kf8 11. Ne4 Bg4 12. d3 Qd5 13. c4 Qd7 14. h3 Bxf3
15. Qxf3 h6 16. Bd2 Rd8 17. Bc3 Ne6 18. Rad1 Kg8 19. h4 h5 20. a3 a5 21. b3 Bh6
22. Bb2 Qc7 23. b4 axb4 24. axb4 Kg7 25. b5 cxb5 26. Nd6 Rhf8 27. Nxb5 Qc8 28.
Qe4 Kh7 29. Ra1 Nf4 30. Ra3 Qg4 31. d4 cxd4 32. Rg3 Qxh4 33. Nxd4 e6 34. Nf3
Qe7 35. Ba3 Qd7 36. Bxf8 Rxf8 37. Ng5+ Bxg5 38. Rxg5 Qd2 39. Rg3 Kg7 40. Ree3
h4 41. Rgf3 Nh5 42. Qxh4 Qc1+ 43. Kh2 Rh8 44. Rh3 Ra8 45. Rc3 Qf1 46. Ra3 Rc8
47. Rhf3 Qe2 48. Qg5 1-0

[Event "NED-ch 1996"]
[Site "Amsterdam"]
[Date "1996.??.??"]
[Round "6"]
[White "Van der Sterren, Paul"]
[Black "Sokolov, Ivan"]
[Result "0-1"]
[WhiteElo "2535"]
[BlackElo "2665"]
[PlyCount "110"]
[EventDate "1996.06.??"]
[Source "ChessBase"]
[SourceDate "2004.01.01"]

1. d4 Nf6 2. c4 d6 3. Nc3 Bf5 4. Nf3 g6 5. Bg5 Bg7 6. e3 O-O 7. Be2 h6 8. Bh4
Nbd7 9. O-O Re8 10. d5 Nc5 11. Nd4 Bd7 12. f3 c6 13. b4 Na6 14. Rb1 Nc7 15. Qb3
e5 16. dxe6 Nxe6 17. Nxe6 Bxe6 18. Qc2 d5 19. cxd5 cxd5 20. Qd2 Ne4 21. fxe4
Qxh4 22. exd5 Bxc3 23. Qxc3 Bxd5 24. Bf3 Rac8 25. Qd2 Bxf3 26. Rxf3 Qe4 27. Rd1
Rc2 28. Qd4 Qxd4 29. Rxd4 Re7 30. a4 Ra2 31. a5 Rc7 32. h4 Rb2 33. Kh2 h5 34.
Kh3 Kg7 35. g4 Rcc2 36. gxh5 Rh2+ 37. Kg4 Rbg2+ 38. Rg3 f5+ 39. Kf4 Rxh4+ 40.
Ke5 Rxg3 41. Rxh4 Rxe3+ 42. Kd4 g5 43. h6+ Kh7 44. Rh5 Re4+ 45. Kc5 Rg4 46. b5
f4 47. Kd4 Rg1 48. Ke4 Re1+ 49. Kf5 f3 50. Rh2 Re2 51. Rh1 f2 52. Rf1 Kxh6 53.
a6 b6 54. Rh1+ Kg7 55. Rf1 Rb2 0-1

[Event "NED-ch 1996"]
[Site "Amsterdam"]
[Date "1996.??.??"]
[Round "7"]
[White "Hendriks, Willy"]
[Black "Van der Sterren, Paul"]
[Result "1/2-1/2"]
[WhiteElo "2425"]
[BlackElo "2535"]
[PlyCount "89"]
[EventDate "1996.06.??"]
[Source "ChessBase"]
[SourceDate "2004.01.01"]

1. e4 e5 2. Nf3 Nc6 3. Bc4 Bc5 4. O-O Nf6 5. d3 d6 6. c3 a6 7. Nbd2 Ba7 8. Bb3
O-O 9. Nc4 h6 10. Re1 Be6 11. Be3 Bxe3 12. Nxe3 Re8 13. Bxe6 fxe6 14. Qb3 Rb8
15. Rad1 Kh8 16. Nf1 Nh5 17. d4 Qf6 18. dxe5 Nxe5 19. Nxe5 Qxe5 20. Qc4 Rbc8
21. Ne3 Nf4 22. g3 Qg5 23. Kh1 Nh5 24. f4 Qg6 25. Ng2 Nf6 26. Nh4 Qg4 27. Qd3
Rcd8 28. Kg2 e5 29. h3 Qh5 30. f5 d5 31. exd5 Rxd5 32. Qf3 Qxf3+ 33. Kxf3 e4+
34. Ke2 Rb5 35. b3 Ra5 36. a4 b5 37. axb5 axb5 38. Ra1 Rea8 39. Rxa5 Rxa5 40.
Ke3 Ra3 41. Ng6+ Kh7 42. Rd1 Rxb3 43. Rd8 Rxc3+ 44. Ke2 Ng8 45. Nf8+ 1/2-1/2